[Event "Aegean op 42nd"]
[Site "Aghios Kirykos"]
[Date "2019.07.15"]
[Round "7"]
[White "Prohaszka, Peter"]
[Black "Gkikas, Hristos"]
[Result "1-0"]
[WhiteElo "2598"]
[BlackElo "2035"]
[PlyCount "57"]
[EventDate "2019.07.09"]
[EventType "swiss"]
[EventRounds "9"]
[EventCountry "GRE"]
[SourceTitle "EXT 2020"]
[Source "ChessBase"]
[SourceDate "2019.10.17"]
[SourceVersion "1"]
[SourceVersionDate "2019.10.17"]
[SourceQuality "1"]

1. d4 d5 2. c4 e6 3. Nc3 Nf6 4. cxd5 exd5 5. Bg5 Be7 6. e3 c6 7. Bd3 0-0 8. Qc2 h6 9. Bf4 Nbd7 10. h3 Re8 11. Nf3 Nf8 12. 0-0 Ne6 13. Bh2 Bd6 14. Ne5 Ng5 15. Rad1 Nfe4 16. Nxe4 dxe4 17. Bxe4 Nxe4 18. Qxe4 f6 19. Qc2 Qa5 20. Nc4 Bxh2+ 21. Kxh2 Qd5 22. a3 Re4 23. f3 Rh4 24. Qf2 Rh5 25. g4 Rg5 26. f4 Rg6 27. f5 Rg5 28. Nd2 h5 29. e4 1-0

[Event "Aegean op 42nd"]
[Site "Aghios Kirykos"]
[Date "2019.07.10"]
[Round "2"]
[White "Gkikas, Hristos"]
[Black "Arman, Deniz"]
[Result "0-1"]
[WhiteElo "2035"]
[BlackElo "2367"]
[PlyCount "84"]
[EventDate "2019.07.09"]
[EventType "swiss"]
[EventRounds "9"]
[EventCountry "GRE"]
[SourceTitle "EXT 2020"]
[Source "ChessBase"]
[SourceDate "2019.10.17"]
[SourceVersion "1"]
[SourceVersionDate "2019.10.17"]
[SourceQuality "1"]

1. d4 g6 2. e4 Bg7 3. c4 d6 4. Nf3 Nd7 5. Nc3 e5 6. d5 Ne7 7. Bd3 0-0 8. Bd2 f5 9. Ng5 Nc5 10. Bc2 h6 11. Nf3 c6 12. b4 Nxe4 13. Nxe4 fxe4 14. Bxe4 cxd5 15. cxd5 Bf5 16. Qe2 Qd7 17. 0-0 Bxe4 18. Qxe4 Qf5 19. Qxf5 gxf5 20. Rad1 Rfc8 21. b5 Rc4 22. g3 Rac8 23. a3 Ng6 24. Bb4 Bf8 25. Nd2 Rc2 26. Nb3 b6 27. Kg2 Kf7 28. h4 h5 29. Rfe1 Rb2 30. Nc1 e4 31. Ne2 Rcc2 32. Kf1 Ne5 33. Rc1 Nd3 34. Rxc2 Rxc2 35. Rd1 Rb2 36. Nd4 Bg7 37. Nc6 Rxf2+ 38. Kg1 Rb2 39. Bxd6 Bc3 40. Bb8 Ne1 41. d6 Nf3+ 42. Kf1 e3 0-1

[Event "Agios Ioannis Pelion op 1st"]
[Site "Agios Ioannis"]
[Date "2018.06.19"]
[Round "5"]
[White "Chatzipolitis, Georgios"]
[Black "Gkikas, Hristos"]
[Result "1-0"]
[WhiteElo "1726"]
[BlackElo "2024"]
[PlyCount "107"]
[EventDate "2018.06.16"]
[EventType "swiss"]
[EventRounds "9"]
[EventCountry "GRE"]
[SourceTitle "CBM 185 Extra"]
[Source "ChessBase"]
[SourceDate "2018.07.29"]
[SourceVersion "1"]
[SourceVersionDate "2018.07.29"]
[SourceQuality "1"]

1. e4 c6 2. d4 d5 3. e5 c5 4. dxc5 e6 5. Nf3 Bxc5 6. Nbd2 Ne7 7. Nb3 Bb6 8. Bd3 Ng6 9. 0-0 Nc6 10. Qe2 Bd7 11. Bd2 Qe7 12. c3 Bc7 13. Bg5 Qf8 14. Bxg6 hxg6 15. Nbd4 a6 16. Rfe1 Rh5 17. h4 Bd8 18. Bxd8 Rxd8 19. g3 Qc5 20. Qd2 Rc8 21. Qf4 Ke7 22. Rad1 Nxd4 23. Nxd4 g5 24. hxg5 Rch8 25. Qe3 Rh1+ 26. Kg2 R1h2+ 27. Kf3 Ke8 28. Rc1 R8h5 29. Kg4 Kf8 30. Nf3 Qc4+ 31. Qd4 R2h3 32. Nh4 R3xh4+ 33. gxh4 Rh8 34. Qxc4 dxc4 35. Rcd1 Ke7 36. Rd4 b5 37. Rd6 Bc8 38. Red1 f6 39. f4 Rf8 40. Rc6 Kf7 41. Rc7+ Kg8 42. exf6 gxf6 43. g6 e5+ 44. f5 Re8 45. Rd6 e4 46. Rdc6 Bb7 47. Rxb7 e3 48. Rcc7 e2 49. Re7 e1Q 50. Rxe1 Rxe1 51. Rf7 Ra1 52. Rxf6 Rxa2 53. Rb6 Kg7 54. Kg5 1-0

[Event "Agios Ioannis Pelion op 1st"]
[Site "Agios Ioannis"]
[Date "2018.06.18"]
[Round "4"]
[White "Stanojoski, Zvonko"]
[Black "Gkikas, Hristos"]
[Result "1-0"]
[WhiteElo "2440"]
[BlackElo "2024"]
[PlyCount "61"]
[EventDate "2018.06.16"]
[EventType "swiss"]
[EventRounds "9"]
[EventCountry "GRE"]
[SourceTitle "CBM 185 Extra"]
[Source "ChessBase"]
[SourceDate "2018.07.29"]
[SourceVersion "1"]
[SourceVersionDate "2018.07.29"]
[SourceQuality "1"]

1. e4 e5 2. Nf3 Nc6 3. Bc4 Bc5 4. c3 d6 5. d4 exd4 6. cxd4 Bb6 7. h3 Nf6 8. Nc3 0-0 9. 0-0 Re8 10. Re1 h6 11. a3 a5 12. Bf4 Nh5 13. Be3 Ne7 14. Ng5 hxg5 15. Qxh5 d5 16. Nxd5 Nxd5 17. Bxd5 Be6 18. Bxg5 f6 19. Bf4 Bxd5 20. exd5 Rxe1+ 21. Rxe1 Bxd4 22. d6 Bxb2 23. Re7 Qf8 24. Qd5+ Kh8 25. Rf7 Qe8 26. d7 Qe1+ 27. Kh2 Rd8 28. Bxc7 Qxf2 29. Re7 Bc1 30. Re8+ Kh7 31. Qh5+ 1-0

[Event "Nikaia op 24th"]
[Site "Nikaia"]
[Date "2016.08.29"]
[Round "5"]
[White "Michelakos, Panagiotis"]
[Black "Gkikas, Hristos"]
[Result "1/2-1/2"]
[WhiteElo "2267"]
[BlackElo "2029"]
[PlyCount "87"]
[EventDate "2016.08.25"]
[EventType "swiss"]
[EventRounds "9"]
[EventCountry "GRE"]
[SourceTitle "CBM 174 Extra"]
[Source "ChessBase"]
[SourceDate "2016.10.10"]
[SourceVersion "1"]
[SourceVersionDate "2016.10.10"]
[SourceQuality "1"]

1. Nf3 c5 2. e4 e6 3. d4 d5 4. exd5 exd5 5. Bb5+ Bd7 6. Bxd7+ Nxd7 7. 0-0 Ngf6 8. Re1+ Be7 9. Qe2 Rc8 10. Nc3 a6 11. Bf4 Rc6 12. dxc5 Re6 13. Qd2 Nxc5 14. Nd4 Rxe1+ 15. Rxe1 Nce4 16. Qd3 0-0 17. f3 Bc5 18. Nce2 Nd6 19. Bg5 Re8 20. b3 Nb5 21. Kf1 Nxd4 22. Nxd4 Rxe1+ 23. Kxe1 Qa5+ 24. Ke2 Bxd4 25. Qxd4 Qxa2 26. Qc5 h6 27. Bxf6 gxf6 28. Kd2 Qa1 29. Qxd5 b5 30. f4 Qg1 31. h3 Qf2+ 32. Kc3 Qxf4 33. Qa8+ Kg7 34. Qxa6 Qg3+ 35. Kb4 Qxg2 36. Qc8 Qd5 37. c4 bxc4 38. bxc4 Qd2+ 39. Kb5 Qb2+ 40. Kc6 Qg2+ 41. Kb6 Qb2+ 42. Kc6 Qg2+ 43. Kb6 Qb2+ 44. Kc6 1/2-1/2

[Event "GRE-chT 44th"]
[Site "Achaia"]
[Date "2016.07.05"]
[Round "1.16"]
[White "Avgoustis, Panagiotis"]
[Black "Gkikas, Hristos"]
[Result "0-1"]
[WhiteElo "1879"]
[BlackElo "2029"]
[PlyCount "114"]
[EventDate "2016.07.05"]
[EventType "team-swiss"]
[EventRounds "7"]
[EventCountry "GRE"]
[SourceTitle "CBM 173 Extra"]
[Source "ChessBase"]
[SourceDate "2016.08.29"]
[SourceVersion "1"]
[SourceVersionDate "2016.08.29"]
[SourceQuality "1"]
[WhiteTeam "Corfu SPZ"]
[BlackTeam "Heraklion SO"]
[WhiteTeamCountry "GRE"]
[BlackTeamCountry "GRE"]

1. d4 Nf6 2. c4 e6 3. Nc3 Bb4 4. Qc2 d6 5. a3 Bxc3+ 6. Qxc3 Ne4 7. Qc2 f5 8. Nh3 Nd7 9. f3 Nef6 10. e3 Qe7 11. Be2 e5 12. dxe5 dxe5 13. Nf2 e4 14. f4 a5 15. b3 h5 16. Nh3 Nc5 17. Rb1 Bd7 18. Ng5 Bc6 19. 0-0 Nh7 20. h4 Nxg5 21. fxg5 Qe5 22. Bb2 Qg3 23. Rxf5 Qxe3+ 24. Kh1 0-0-0 25. Bc3 Nd3 26. Rbf1 Qg3 27. Bxd3 Qxh4+ 28. Kg1 exd3 29. Qd2 Rhe8 30. Rxa5 b6 31. Re5 Qg3 32. Rfe1 Rf8 33. Re7 Rd7 34. Rxd7 Bxd7 35. c5 Bc6 36. Be5 Qg4 37. cxb6 Rf5 38. Bxc7 Rxg5 39. g3 Qf3 40. Rc1 Qh1+ 41. Kf2 Qg2+ 42. Ke3 Qe4+ 43. Kf2 Rf5+ 44. Bf4 g5 45. Rxc6+ Qxc6 46. Qxd3 Qxb6+ 47. Kg2 Qc6+ 48. Kh2 Rd5 49. Qc4 Qxc4 50. bxc4 Rf5 51. Bd6 Rf2+ 52. Kh3 Kd7 53. Bc5 Rf3 54. Bb4 Ke6 55. Kg2 Rb3 56. g4 h4 57. Bf8 Rg3+ 0-1

[Event "Athens Siaperas Memorial 12th"]
[Site "Athens"]
[Date "2016.02.13"]
[Round "6"]
[White "Gkikas, Hristos"]
[Black "Poulos, Georgios"]
[Result "0-1"]
[WhiteElo "2021"]
[BlackElo "1957"]
[PlyCount "70"]
[EventDate "2016.01.09"]
[EventType "swiss"]
[EventRounds "7"]
[EventCountry "GRE"]
[SourceTitle "EXT 2024"]
[Source "ChessBase"]
[SourceDate "2023.10.10"]
[SourceVersion "1"]
[SourceVersionDate "2023.10.10"]
[SourceQuality "1"]

1. c4 Nf6 2. Nc3 d5 3. cxd5 Nxd5 4. e4 Nxc3 5. bxc3 g6 6. d4 c5 7. Be3 Bg7 8. Bc4 Nc6 9. Ne2 0-0 10. 0-0 Bd7 11. Rb1 Qc7 12. dxc5 Ne5 13. Bd5 Rab8 14. Qc1 e6 15. Bb3 Bb5 16. c4 Ba6 17. f3 Rfd8 18. Kh1 Nd3 19. Qa3 Bf8 20. Rbd1 Nxc5 21. Qc1 Rbc8 22. Bg5 Be7 23. Bh6 Bf6 24. Bf4 Qa5 25. Qc2 Nd7 26. Bd2 Qc7 27. Nc3 Bxc4 28. Bxc4 Qxc4 29. Rc1 Ne5 30. Rb1 Nd3 31. Rb3 Bd4 32. Bg5 Rd7 33. Bd2 Nf2+ 34. Rxf2 Bxf2 35. Qc1 Rxd2 0-1

[Event "GRE-chT 43rd"]
[Site "Porto Rio"]
[Date "2015.10.11"]
[Round "6.3"]
[White "Gkikas, Hristos"]
[Black "Poulopoulos, Ioannis"]
[Result "1/2-1/2"]
[WhiteElo "2017"]
[BlackElo "2178"]
[PlyCount "83"]
[EventDate "2015.10.08"]
[EventType "team-swiss"]
[EventRounds "7"]
[EventCountry "GRE"]
[SourceTitle "CBM 168 Extra"]
[Source "ChessBase"]
[SourceDate "2015.10.29"]
[SourceVersion "1"]
[SourceVersionDate "2015.10.29"]
[SourceQuality "1"]
[WhiteTeam "Von Heraklion Contact"]
[BlackTeam "Panionios GSS"]
[WhiteTeamCountry "GRE"]
[BlackTeamCountry "GRE"]

1. d4 Nf6 2. c4 e6 3. Nc3 Bb4 4. Qb3 Qe7 5. a3 Bxc3+ 6. Qxc3 d6 7. Nf3 Nbd7 8. g3 b6 9. Bg2 Bb7 10. 0-0 0-0 11. b4 c5 12. Bb2 Rfe8 13. dxc5 bxc5 14. Rfd1 Nf8 15. bxc5 dxc5 16. Ne5 Bxg2 17. Kxg2 Ng6 18. Nd7 e5 19. Nxf6+ Qxf6 20. Rd5 Rac8 21. Rad1 Qg5 22. Bc1 Qg4 23. f3 Qf5 24. e4 Qh5 25. Be3 f5 26. exf5 Qxf5 27. Bxc5 Rc6 28. Bxa7 h5 29. c5 h4 30. Qd3 Qg5 31. Kf2 hxg3+ 32. hxg3 Qh6 33. Rd6 Qh2+ 34. Ke3 Rxd6 35. cxd6 Qh6+ 36. Ke2 Qh2+ 37. Bf2 Nf4+ 38. gxf4 exf4+ 39. Kf1 Qh1+ 40. Bg1 Qh3+ 41. Kf2 Qg3+ 42. Kf1 1/2-1/2

[Event "GRE-chT 43rd"]
[Site "Porto Rio"]
[Date "2015.10.10"]
[Round "5.2"]
[White "Gkikas, Hristos"]
[Black "Michelakos, Panagiotis"]
[Result "0-1"]
[WhiteElo "2017"]
[BlackElo "2292"]
[PlyCount "62"]
[EventDate "2015.10.08"]
[EventType "team-swiss"]
[EventRounds "7"]
[EventCountry "GRE"]
[SourceTitle "CBM 168 Extra"]
[Source "ChessBase"]
[SourceDate "2015.10.29"]
[SourceVersion "1"]
[SourceVersionDate "2015.10.29"]
[SourceQuality "1"]
[WhiteTeam "Von Heraklion Contact"]
[BlackTeam "Nice Fysiolatris"]
[WhiteTeamCountry "GRE"]
[BlackTeamCountry "GRE"]

1. d4 Nf6 2. c4 g6 3. Nc3 Bg7 4. e4 d6 5. Bd3 0-0 6. Nge2 c5 7. d5 a6 8. f3 e6 9. Bg5 exd5 10. Nxd5 Be6 11. Nec3 Bxd5 12. Nxd5 h6 13. Nxf6+ Bxf6 14. Bxh6 Bxb2 15. Rb1 Qh4+ 16. g3 Qxh6 17. Rxb2 Qe3+ 18. Be2 Nc6 19. Qd2 Qxd2+ 20. Kxd2 b5 21. cxb5 axb5 22. Bxb5 Nd4 23. Be2 Ra3 24. Ra1 Re8 25. Rb7 d5 26. Bd1 dxe4 27. fxe4 Rxe4 28. Bb3 c4 29. Bd1 Rd3+ 30. Kc1 Re1 31. Kb2 c3+ 0-1

[Event "Ambelokipi op 148th"]
[Site "Athens"]
[Date "2014.10.22"]
[Round "6"]
[White "Ilandzis, Spyridon"]
[Black "Gkikas, Hristos"]
[Result "1-0"]
[WhiteElo "2106"]
[BlackElo "1907"]
[PlyCount "83"]
[EventDate "2014.09.17"]
[EventType "swiss"]
[EventRounds "7"]
[EventCountry "GRE"]
[SourceTitle "EXT 2016"]
[Source "ChessBase"]
[SourceDate "2015.10.08"]
[SourceVersion "1"]
[SourceVersionDate "2015.10.08"]
[SourceQuality "1"]

1. d4 Nf6 2. c4 e6 3. Nf3 b6 4. Nc3 Bb4 5. Bg5 0-0 6. e3 d6 7. Bd3 Bxc3+ 8. bxc3 Bb7 9. 0-0 Nbd7 10. Nd2 Qe8 11. f4 e5 12. fxe5 dxe5 13. Bxf6 Nxf6 14. Rxf6 gxf6 15. Qg4+ Kh8 16. Qh4 e4 17. Nxe4 Rg8 18. Qxf6+ Rg7 19. d5 c6 20. Re1 Qd8 21. Qf4 cxd5 22. Nd6 Qc7 23. Qf6 Rf8 24. Nf5 Rfg8 25. Nxg7 Rxg7 26. cxd5 Bxd5 27. Bf1 Kg8 28. c4 Rg6 29. Qd4 Bb7 30. Rd1 Qc6 31. Rd2 Re6 32. Bd3 Qe8 33. Qh4 h6 34. Qg4+ Kf8 35. Qf4 Qd8 36. Rf2 Qe7 37. Qd4 Kg8 38. Rf4 f6 39. Rg4+ Kf8 40. Qf4 Rxe3 41. Qxh6+ Ke8 42. Qh8+ 1-0

[Event "Nikaia op 22nd"]
[Site "Nikaia"]
[Date "2014.08.28"]
[Round "3"]
[White "Liodakis, Konstantinos Spyros"]
[Black "Gkikas, Hristos"]
[Result "0-1"]
[WhiteElo "2170"]
[BlackElo "1907"]
[PlyCount "82"]
[EventDate "2014.08.26"]
[EventType "swiss"]
[EventRounds "9"]
[EventCountry "GRE"]
[SourceTitle "CBM 162 Extra"]
[Source "ChessBase"]
[SourceDate "2014.10.17"]
[SourceVersion "1"]
[SourceVersionDate "2014.10.17"]
[SourceQuality "1"]

1. c4 Nf6 2. Nc3 c5 3. g3 g6 4. Bg2 Bg7 5. e3 e6 6. Nge2 0-0 7. 0-0 Nc6 8. Rb1 d5 9. cxd5 exd5 10. d4 Bf5 11. Ra1 cxd4 12. Nxd4 Nxd4 13. Qxd4 Ne4 14. Qb4 Nxc3 15. bxc3 Qc7 16. Bb2 Rfd8 17. Rfd1 Qc4 18. Rd2 a5 19. Qxc4 dxc4 20. Rad1 Rxd2 21. Rxd2 Rb8 22. e4 Be6 23. f4 b5 24. e5 b4 25. Rd6 Bf8 26. Rd2 Bc5+ 27. Kf1 bxc3 28. Bxc3 Bb4 29. Rb2 Bf5 30. Bf3 Rc8 31. Rxb4 axb4 32. Bxb4 c3 33. Ba3 c2 34. Bc1 Rd8 35. Ke1 h5 36. a4 Bg4 37. Bxg4 hxg4 38. Bd2 Rd4 39. a5 Re4+ 40. Kf2 Ra4 41. Ke2 Ra1 0-1

[Event "Nikaia op 22nd"]
[Site "Nikaia"]
[Date "2014.08.27"]
[Round "2"]
[White "Gkikas, Hristos"]
[Black "Michelakos, Panagiotis"]
[Result "1-0"]
[WhiteElo "1907"]
[BlackElo "2146"]
[PlyCount "101"]
[EventDate "2014.08.26"]
[EventType "swiss"]
[EventRounds "9"]
[EventCountry "GRE"]
[SourceTitle "CBM 162 Extra"]
[Source "ChessBase"]
[SourceDate "2014.10.17"]
[SourceVersion "1"]
[SourceVersionDate "2014.10.17"]
[SourceQuality "1"]

1. c4 g6 2. d4 Nf6 3. Nc3 Bg7 4. e4 d6 5. Nge2 0-0 6. Ng3 Nc6 7. d5 Nb8 8. Be2 c6 9. Be3 a6 10. Rc1 h5 11. h3 b5 12. dxc6 h4 13. Nf1 b4 14. c7 Qxc7 15. Nd5 Nxd5 16. cxd5 Qa5 17. Qb3 Nd7 18. Nd2 Nc5 19. Bxc5 dxc5 20. 0-0 Rb8 21. Nf3 Qc7 22. Qe3 Qa5 23. Qxc5 Qxc5 24. Rxc5 Bxb2 25. Nd2 Rd8 26. Rb1 Be5 27. Rc6 Rd6 28. Rc5 Rd8 29. Nc4 Bd4 30. Rc6 Kg7 31. Na5 f5 32. Bxa6 fxe4 33. Bxc8 Rdxc8 34. Re6 Rc2 35. Rxe7+ Kf6 36. Rxe4 Bxf2+ 37. Kf1 Bc5 38. Nc6 Rf8 39. Rf4+ Kg5 40. Rxf8 Bxf8 41. Nd4 Rc8 42. Ne6+ Kh5 43. Nxf8 Rxf8+ 44. Ke2 Ra8 45. Rb2 Kg5 46. Kd3 Kf6 47. Re2 b3 48. axb3 Rb8 49. Kc4 Rc8+ 50. Kd4 Rb8 51. Re3 1-0

[Event "GRE-chT 41st"]
[Site "Achaia"]
[Date "2013.07.05"]
[Round "5.8"]
[White "Kadianis, Georgios"]
[Black "Gkikas, Hristos"]
[Result "0-1"]
[WhiteElo "1691"]
[BlackElo "1902"]
[PlyCount "104"]
[EventDate "2013.07.02"]
[EventType "team-swiss"]
[EventRounds "7"]
[EventCountry "GRE"]
[SourceTitle "CBM 155 Extra"]
[Source "ChessBase"]
[SourceDate "2013.08.26"]
[SourceVersion "1"]
[SourceVersionDate "2013.08.26"]
[SourceQuality "1"]
[WhiteTeam "OFI"]
[BlackTeam "Irakleiou Contact"]
[WhiteTeamCountry "GRE"]
[BlackTeamCountry "GRE"]

1. e4 c6 2. d4 d5 3. Nc3 dxe4 4. Nxe4 Nd7 5. Bc4 Ngf6 6. Nxf6+ Nxf6 7. Nf3 Bf5 8. Qe2 e6 9. Bg5 Be7 10. 0-0-0 Nd5 11. Bxe7 Qxe7 12. Bxd5 cxd5 13. Qb5+ Qd7 14. Qxd7+ Kxd7 15. Nh4 Bg6 16. Nxg6 hxg6 17. Rd3 Rac8 18. Kd2 Rh4 19. h3 Rch8 20. Rf1 R8h5 21. c3 Rg5 22. Rg3 Rf5 23. Ke2 b5 24. Rg4 Rh8 25. Ra1 b4 26. Rc1 Rb8 27. c4 dxc4 28. Rxc4 Ra5 29. Rh4 Rxa2 30. Rc2 b3 31. Rd2 a5 32. d5 e5 33. Kd3 a4 34. Rc4 a3 35. Kc3 Ra1 36. d6 Rc1+ 37. Kd3 Rxc4 38. Kxc4 a2 39. Rd1 Rb6 40. Kc5 Ra6 41. Ra1 Rxd6 42. Kb4 Rd3 43. Kc4 e4 44. f3 f5 45. fxe4 fxe4 46. Re1 Kd6 47. h4 Ke5 48. Kb4 Kd4 49. Ka4 e3 50. Kb4 e2 51. h5 gxh5 52. g4 Rd1 0-1

[Event "Nikaia op-A 20th"]
[Site "Nikea"]
[Date "2012.08.28"]
[Round "4.16"]
[White "Gkikas, Hristos"]
[Black "Poulos, Georgios"]
[Result "1-0"]
[WhiteElo "1878"]
[BlackElo "2104"]
[PlyCount "61"]
[EventDate "2012.08.26"]
[EventType "swiss"]
[EventRounds "9"]
[EventCountry "GRE"]
[SourceTitle "EXT 2024"]
[Source "ChessBase"]
[SourceDate "2023.10.10"]
[SourceVersion "1"]
[SourceVersionDate "2023.10.10"]
[SourceQuality "1"]

1. Nf3 Nf6 2. g3 g6 3. Bg2 Bg7 4. 0-0 0-0 5. c4 d5 6. cxd5 Nxd5 7. Nc3 Nb6 8. d3 Nc6 9. a3 Rb8 10. Rb1 Bg4 11. h3 Bxf3 12. Bxf3 Nd4 13. Bg2 e5 14. e3 Ne6 15. b4 c6 16. Bb2 Qd7 17. Qb3 Qxd3 18. Rfd1 Qf5 19. Ne4 Ng5 20. Nxg5 Qxg5 21. a4 Rfd8 22. b5 Nd5 23. Bxd5 cxd5 24. Rxd5 Rxd5 25. Qxd5 Rd8 26. Qxb7 Qf5 27. Rc1 Bf8 28. Bc3 Rd7 29. Qb8 Qxh3 30. Bb4 Qh6 31. Bxf8 1-0